Buddhism betrayed? : (Record no. 17715)

MARC details
000 -LEADER
fixed length control field 01432pam a2200325 a 4500
001 - CONTROL NUMBER
control field 1544195
003 - CONTROL NUMBER IDENTIFIER
control field BDDh-ASL
005 - DATE AND TIME OF LATEST TRANSACTION
control field 20231015025629.0
008 - FIXED-LENGTH DATA ELEMENTS--GENERAL INFORMATION
fixed length control field 911007s1992 iluaf b 001 0 eng
010 ## - LIBRARY OF CONGRESS CONTROL NUMBER
LC control number 91038944
020 ## - INTERNATIONAL STANDARD BOOK NUMBER
International Standard Book Number 0226789497 (cloth : alk. paper)
020 ## - INTERNATIONAL STANDARD BOOK NUMBER
International Standard Book Number 0226789500 (paper : alk. paper)
040 ## - CATALOGING SOURCE
Original cataloging agency DLC
Transcribing agency DLC
Modifying agency BDDh-ASL
043 ## - GEOGRAPHIC AREA CODE
Geographic area code a-ce---
050 00 - LIBRARY OF CONGRESS CALL NUMBER
Classification number BQ359
Item number .T36 1992
082 00 - DEWEY DECIMAL CLASSIFICATION NUMBER
Classification number 294.3377095493
Edition number 20
Item number TAB
100 1# - MAIN ENTRY--PERSONAL NAME
Personal name Tambiah, Stanley Jeyaraja,
Dates associated with a name 1929-2014.
245 10 - TITLE STATEMENT
Title Buddhism betrayed? :
Remainder of title religion, politics, and violence in Sri Lanka /
Statement of responsibility, etc. Stanley Jeyaraja Tambiah.
260 ## - PUBLICATION, DISTRIBUTION, ETC.
Place of publication, distribution, etc. Chicago :
Name of publisher, distributor, etc. University of Chicago Press,
Date of publication, distribution, etc. 1992.
300 ## - PHYSICAL DESCRIPTION
Extent xix, 203 p., [6] p. of plates :
Other physical details ill. ;
Dimensions 23 cm.
440 #2 - SERIES STATEMENT/ADDED ENTRY--TITLE
Title A Monograph of the World Institute for Development Economics Research (WIDER) of the United Nations University
504 ## - BIBLIOGRAPHY, ETC. NOTE
Bibliography, etc. note Includes bibliographical references (p. 189-193) and index.
650 #0 - SUBJECT ADDED ENTRY--TOPICAL TERM
Topical term or geographic name entry element Buddhism and politics
Geographic subdivision Sri Lanka.
650 #0 - SUBJECT ADDED ENTRY--TOPICAL TERM
Topical term or geographic name entry element Buddhism
General subdivision Social aspects
Geographic subdivision Sri Lanka.
856 42 - ELECTRONIC LOCATION AND ACCESS
Materials specified Publisher description
Uniform Resource Identifier <a href="http://www.loc.gov/catdir/description/uchi052/91038944.html">http://www.loc.gov/catdir/description/uchi052/91038944.html</a>
856 41 - ELECTRONIC LOCATION AND ACCESS
Materials specified Table of contents only
Uniform Resource Identifier <a href="http://www.loc.gov/catdir/enhancements/fy0608/91038944-t.html">http://www.loc.gov/catdir/enhancements/fy0608/91038944-t.html</a>
906 ## - LOCAL DATA ELEMENT F, LDF (RLIN)
a 7
b cbc
c orignew
d 1
e ocip
f 19
g y-gencatlg
942 ## - ADDED ENTRY ELEMENTS (KOHA)
Source of classification or shelving scheme Dewey Decimal Classification
Koha item type Books
Holdings
Withdrawn status Lost status Source of classification or shelving scheme Damaged status Not for loan Collection code Home library Current library Shelving location Date acquired Source of acquisition Total Checkouts Full call number Barcode Date last seen Copy number Price effective from Koha item type Public note
    Dewey Decimal Classification   Not For Loan Non-fiction Asiatic Society Library Asiatic Society Library Ludden Collection 09/07/2020 Donated by Prof. David Ludden   294.3377 TAB 100833 09/07/2020 C-1 09/07/2020 Books RARE

Powered by Koha